La condición jurídica del indio en la Argentina : proyectos legislativos y acciones gubernamentales orientadas a su incorporación a la sociedad civil 1990 - 1943 /
Guardado en:
| Autor Principal: | |
|---|---|
| Otros Autores: | , |
| Formato: | Libro |
| Idioma: | Spanish |
| Publicado: |
Bahía Blanca :
Universidad Nacional del Sur,
2000
|
| Materias: | |
| Etiquetas: |
Agregar Etiqueta
Sin Etiquetas, Sea el primero en etiquetar este registro!
|
| LEADER | 00800nam a22001815a 4500 | ||
|---|---|---|---|
| 001 | DER.der015105 | ||
| 008 | 250206s2000####ag#||||||||||||||#||spa|| | ||
| 005 | 20250210081846.0 | ||
| 245 | 1 | 0 | |a La condición jurídica del indio en la Argentina : |b proyectos legislativos y acciones gubernamentales orientadas a su incorporación a la sociedad civil 1990 - 1943 / |c Adriana Susana Eberle, Claudia Iribarren. |
| 260 | |a Bahía Blanca : |b Universidad Nacional del Sur, |c 2000 | ||
| 300 | |a 108 p. | ||
| 500 | |a Publicaciones de la cátedra de historia constitucional Universidad Nacional del Sur | ||
| 020 | |a 9879281403 | ||
| 100 | 1 | |a Eberle, Adriana Susana | |
| 700 | 1 | |a Iribarren, Claudia | |
| 700 | 1 | |a Leiva, Alberto David, |e coord. | |
| 650 | 7 | |a DERECHO CONSTITUCIONAL | |
| 859 | |a DERECHO |b BIB. DERECHO |h 342.029 |i EBE |p 007601 | ||
